| 000 | 00818nam a2200193Ia 4500 | ||
|---|---|---|---|
| 003 | GCL | ||
| 008 | 140319s9999 xx 000 0 ara d | ||
| 040 |
_aGCL / _cGCL |
||
| 082 | 0 | 4 |
_a810.809287 _bح ك |
| 100 | 1 | _aابن حبيب : ابو مروان عبدالملك بن حبيب بن سليمان بن هارون السلمى القرطبى | |
| 245 | 1 | 0 |
_aكتاب ادب النساء الموسوم بكتاب الغية والنهاية / _cابن حبيب : ابو مروان عبدالملك بن حبيب بن سليمان بن هارون السلمى القرطبى |
| 260 |
_a[S.N] : _bدار الغرب الاسلامى ، _c1992 |
||
| 300 | _a530 ص | ||
| 490 | _a | ||
| 650 | 0 | 4 | _aالادب العربى |
| 650 | 0 | 4 | _aالمرأة فى الادب |
| 650 | 0 | 4 | _aالمجموعات |
| 942 |
_2ddc _cBK |
||
| 999 |
_c55978 _d55978 |
||